000 00640nam a2200229Ia 4500
003 OSt
005 20221007075013.0
006 a|||||r|||| 00| 0
007 ta
008 221006b |||||||| |||| 00| 0 eng d
024 _a1,706
037 _cReference Collections
040 _aFLL
_cFLL
_beng
041 _2eng
_aeng
082 _aZ2,18, M5
100 _aBatra T.S.
245 0 _aSome legal essays on the UN charter and the intenational court of justice
250 _a2nd
260 _aNew Delhi
_bBookhive India
_c1985
942 _hZ2,18, M5
_cREF
_2CC
999 _c1154464
_d1154464